LIBRARY ONLINE CATALOGUE

Hole's human anatomy and physiology / (Record no. 11392)

MARC details
000 -LEADER
fixed length control field 00800cam a22002532 4500
001 - CONTROL NUMBER
control field 0000020839
005 - DATE AND TIME OF LATEST TRANSACTION
control field 20151217154444.0
008 - FIXED-LENGTH DATA ELEMENTS--GENERAL INFORMATION
fixed length control field 111021s xx 000 0 eng d
020 ## - INTERNATIONAL STANDARD BOOK NUMBER
International Standard Book Number 0072829532
040 ## - CATALOGING SOURCE
Original cataloging agency KABU
Transcribing agency KABU
100 1# - MAIN ENTRY--PERSONAL NAME
Personal name Shier, David.
-- 0000181462
245 10 - TITLE STATEMENT
Title Hole's human anatomy and physiology /
Statement of responsibility, etc. David Shier, Jackie Butler, Ricki Lewis.
250 ## - EDITION STATEMENT
Edition statement 11th ed.
260 ## - PUBLICATION, DISTRIBUTION, ETC. (IMPRINT)
Place of publication, distribution, etc. Boston :
Name of publisher, distributor, etc. McGraw-Hill,
Date of publication, distribution, etc. 2007.
300 ## - PHYSICAL DESCRIPTION
Extent xxvii, 1043 p.
650 #0 - SUBJECT ADDED ENTRY--TOPICAL TERM
Topical term or geographic name as entry element Human physiology.
-- 0000155597
650 #0 - SUBJECT ADDED ENTRY--TOPICAL TERM
Topical term or geographic name as entry element Human anatomy.
-- 0000155598
700 1# - ADDED ENTRY--PERSONAL NAME
Personal name Butler, Jackie.
-- 0000181463
700 1# - ADDED ENTRY--PERSONAL NAME
Personal name Lewis, Ricki.
-- 0000155225
852 1# - LOCATION
-- p4300 KES
908 ## - PUT COMMAND PARAMETER (RLIN)
Put command parameter 111021
950 ## - LOCAL HOLDINGS (RLIN)
-- 1
Holdings
Withdrawn status Lost status Source of classification or shelving scheme Damaged status Not for loan Home library Current library Date acquired Total Checkouts Full call number Barcode Date last seen Date last checked out Price effective from Koha item type Total Renewals
  Lost Library of Congress Classification     Kabarak, Main Campus Kabarak, Main Campus 17/12/2015 1 QP34.5 .S55 2007 c.1 19574 27/01/2016 27/01/2016 17/12/2015 General Collection  
    Library of Congress Classification     Kabarak, Main Campus Kabarak, Main Campus 17/12/2015 49 QP34.5 .S55 2007 c.3 013636 20/02/2026 06/02/2026 17/12/2015 General Collection 9
    Library of Congress Classification     Kabarak, Main Campus Kabarak, Main Campus 17/12/2015 50 QP34.5 .S55 2007 c.2 013644 06/10/2025 30/09/2025 17/12/2015 General Collection 12
    Library of Congress Classification     Kabarak, Main Campus Kabarak, Main Campus 17/12/2015 25 QP34.5 .S55 2007 c.4 013637 10/03/2018 22/02/2018 17/12/2015 General Collection 4